000 01269 a2200265 4500
001 74672
020 _a9788535633108
020 _q(Broch.)
040 _dBR-BrIDEA
041 _apor
082 _a028.5
100 _aPonte, Lena Jesus
250 _a1. ed.
490 _aCavalo marinho
520 _aTendo surgido no Japão há séculos, o haicai é o menor poema do mundo, com apenas três versos; há quem diga já ter visto um haicai escrito num grão de arroz; além de ser uma das formas mais antigas de poesia, o haicai não tem título nem precisa necessariamente ter rima; nesta obra, com um ABC dos bichos, a autora constrói haicais ora sobre características físicas dos animais, ora em similaridade poética com as coisas do mundo e dos homens; no final do livro, há um capítulo didático, que ensina a criança leitora sobre os haicais e estimula que escreva seus próprios textos poéticos.
521 _aIK
697 _aLiteratura brasileira - Infanto-juvenil
856 _u000027/00002753.jpg
090 _aAP SK 028
_bPON
245 1 0 _aArca de haicais
_cLena Jesus Ponte; ilustrações Marcia Misawa
260 _aSão Paulo
_bPaulinas
_c2012
300 _a32 p.
_bil. color
700 _aMisawa, Marcia
_eilustrador
942 _cBK
999 _c74672
_d74672